03550nam a22002777a 45000010005000000030006000050050017000110080041000280200018000690400029000870500009001160820012001251000021001372450172001582600043003303000049003734900041004225050008004635201973004715200615024445210029030595210020030886500091031086500046031997000027032458985FISKH20251112152301.0251112b cb ||||| |||| 00| 0 eng d a9789995088941 aFISKHbkhrcFISKHdFISKH aPZ7  a895.922 aKimsun, Sotheary aព្រះនាងស្បែកលា :bPreah Neang Sbek Lea ( Donkey-skin Princess ) / cរៀបរៀងដោយ គឹមស៊ុន សុធារី​ aPhnom Penh : bReading Books , c2008. a24 pages : bcolor illustrations ;c25 cm .  aពិភពរឿងនិទាន aP  aមានព្រះមហាក្សត្រម្ចាស់មួយអង្គ ដែលមានមហេសីដ៏ស្រស់ស្អាត។ក្រោយមក មហេសីនោះបានសោយទិវង្គត។ ព្រះមហាក្សត្រប្រាថ្នាចង់រៀបការជាមួយព្រះកូនស្រីរបស់ព្រះអង្គឯង។ ព្រះនាងមានអារម្មណ៍មិនសប្បាយចិត្តយ៉ាងខ្លាំង ហើយបានសូមឲ្យព្រះបិតាសម្លាប់លា ហើយឲ្យស្បែករបស់វា ដោយព្រះនាងដឹងថា ព្រះបិតារបស់ព្រះនាងស្រលាញ់សត្វនោះណាស់។ ដោយសារតែអារម្មណ៍ស្រលាញ់ព្រះកូនស្រីពេក ព្រះអង្គបានសម្លាប់សត្វលានោះ។ មីង របស់ព្រះនាង បានផ្តល់ដំបូន្មានឲ្យព្រះនាងរត់គេចចេញពីនគរ ដើម្បីជៀសវាងការរៀបការដែលព្រះអង្គមិនចង់បាន។ ព្រះនាងបានស្លៀកពាក់សម្លៀកបំពាក់ចាស់ៗ ហើយគ្របខ្លួនដោយស្បែកលា។ ព្រះនាងបានទៅធ្វើការនៅកសិដ្ឋានមួយ ដែលជាកម្មសិទ្ធិរបស់ព្រះអង្គម្ចាស់មួយទៀត។ ចុងក្រោយ ព្រះអង្គម្ចាស់នោះ និងព្រះនាងកញ្ញា បានរៀបការនឹងគ្នាក្នុងពេលនោះទៅ ។​  aThere was once a king who had a beautiful queen. Not long after, the king passed away. The new king then wished to marry his own daughter. The princess was deeply unhappy about this and asked her father to kill a deer and give her its skin, knowing how much he loved that animal. Blinded by his obsession, the king killed the deer. The princess’s aunt advised her to flee the kingdom to avoid the forced marriage. She disguised herself in old clothes and covered herself with the deer’s skin. She went to work at a farm that belonged to another prince. Eventually, the prince and the princess were married.8 a650 bLexile estimate 8 aP bRaz-Plus  aព្រះនាងស្បែកលា​vរឿងនិទានកុមារ aDonkey-skin PrincessvChildren's Stories  aB, KharaeIllustrator